| 000 | 00725cab a2200241 4500 | ||
|---|---|---|---|
| 001 | ABS51488 | ||
| 008 | 090401t1994 xxu||||| |||| 00| 0 eng d | ||
| 035 | _a(Sirsi) u29968 | ||
| 041 | _aeng | ||
| 245 | _aWho speaks for construction? | ||
| 260 | _c1994 | ||
| 350 | _a0 | ||
| 490 |
_aContract Journal _v375(5997) 13 October 1994, 16-21(6) |
||
| 520 | _aA feature on political lobbying which lists MPs who represent construction interests and advises on how to make an effective approach to Parliament. | ||
| 650 | _aCONSTRUCTION INDUSTRY | ||
| 650 | _aLOBBYING | ||
| 650 | _aPOLITICIANS | ||
| 650 | _aPOLITICS | ||
| 650 | _aPUBLIC AFFAIRS | ||
| 690 | _aBUILT ENVIRONMENT | ||
| 942 | _n0 | ||
| 948 | _c04/03/1997 | ||
| 999 |
_c20166 _d20166 |
||